[Event "HEM 2006 B"]
[Site "Marburg"]
[Date "2006.04.13"]
[Round "3.18"]
[White "Krischak, Werner"]
[Black "Schreiber, Torsten"]
[Result "1/2-1/2"]
[WhiteElo "1721"]
[BlackElo "1968"]
[PlyCount "113"]
[EventDate "2006.04.12"]
[EventType "swiss"]
[EventCountry "GER"]

1. d4 Nf6 2. c4 d6 3. Nc3 Nbd7 4. e4 e5 5. d5 Nc5 6. Bd3 a5 7. Bg5 Be7 8. Bc2
Nfxe4 9. Bxe7 Nxc3 10. Bxd8 Nxd1 11. Bxc7 Nxb2 12. Bxd6 Ncd3+ 13. Bxd3 Nxd3+
14. Ke2 Bf5 15. Ke3 Kd7 16. c5 Nf4 17. Rd1 Nxg2+ 18. Kf3 Nh4+ 19. Kg3 Bc2 20.
Rd2 Nf5+ 21. Kh3 Be4 22. f3 Nxd6 23. fxe4 Nxe4 24. Rc2 Rac8 25. Nf3 f6 26. Rhc1
g5 27. Kg4 b6 28. cxb6 Rxc2 29. Rxc2 Kd6 30. Kf5 Nc5 31. Nd2 Kxd5 32. Kxf6 g4
33. Ke7 Rb8 34. Nc4 e4 35. Ne3+ Kd4 36. Nf5+ Kd5 37. Ne3+ Kc6 38. Nxg4 Rb7+ 39.
Kf6 Rxb6 40. Kg5 Kd5 41. Ne3+ Kd4 42. Nf5+ Kd5 43. Ne3+ Kc6 44. Kf4 Rb8 45. Nc4
Rf8+ 46. Ke3 Rf3+ 47. Kd4 Rd3+ 48. Ke5 e3 49. Nxa5+ Kb5 50. Nb3 Nxb3 51. axb3
Rd2 52. Rc3 e2 53. Re3 Rd8 54. Kf4 Rd2 55. h3 Rd3 56. Rxe2 Rxh3 57. Re3 1/2-1/2

[Event "HEM 2006 B"]
[Site "Marburg"]
[Date "2006.04.13"]
[Round "3.19"]
[White "Schneider, Udo"]
[Black "Förster, Rudi"]
[Result "0-1"]
[WhiteElo "1679"]
[BlackElo "1967"]
[PlyCount "38"]
[EventDate "2006.04.12"]
[EventType "swiss"]
[EventCountry "GER"]

1. d4 d5 2. c4 c6 3. Nc3 Nf6 4. Bg5 Bf5 5. e3 Nbd7 6. Nf3 e6 7. Nh4 Bg6 8. a3
Rc8 9. Nxg6 hxg6 10. Bd3 dxc4 11. Bxc4 Qa5 12. Bxf6 Nxf6 13. O-O Bd6 14. g3 Qf5
15. f4 Qh3 16. Qe2 Ng4 17. Ne4 Be7 18. Ng5 Bxg5 19. fxg5 Nxh2 0-1

[Event "HEM 2006 B"]
[Site "Marburg"]
[Date "2006.04.13"]
[Round "3.20"]
[White "Breitwieser, Peter"]
[Black "Ullmann, Stefan"]
[Result "1-0"]
[WhiteElo "1898"]
[BlackElo "1663"]
[PlyCount "77"]
[EventDate "2006.04.12"]
[EventType "swiss"]
[EventCountry "GER"]

1. b3 c5 2. Bb2 Nc6 3. e3 d5 4. Bb5 Qc7 5. f4 a6 6. Bxc6+ Qxc6 7. Nf3 Nf6 8.
O-O g6 9. Qe1 Bg7 10. d3 O-O 11. Qh4 Qe6 12. Ng5 Qg4 13. Qe1 h6 14. Nf3 Qh5 15.
Nbd2 Bf5 16. e4 dxe4 17. dxe4 Be6 18. Ne5 Ng4 19. Ndf3 Rad8 20. h3 Nxe5 21.
Bxe5 f6 22. Bb2 c4 23. Qe3 Rc8 24. Ba3 Rfe8 25. Qb6 Bxh3 26. gxh3 Qxh3 27. Qf2
f5 28. e5 cxb3 29. cxb3 Qg4+ 30. Qg2 Qxf4 31. Qxg6 Red8 32. Bxe7 Rc6 33. Bf6
Rd7 34. Qe8+ Bf8 35. Qxd7 Qg3+ 36. Kh1 Qh3+ 37. Nh2 Rc2 38. Qe6+ Kh7 39. Qf7+
1-0

[Event "HEM 2006 B"]
[Site "Marburg"]
[Date "2006.04.13"]
[Round "3.21"]
[White "Ferozkohi, Ihsan"]
[Black "Radtke, Thoralf"]
[Result "0-1"]
[WhiteElo "1847"]
[BlackElo "1646"]
[PlyCount "56"]
[EventDate "2006.04.12"]
[EventType "swiss"]
[EventCountry "GER"]

1. e4 e6 2. d4 d5 3. e5 c5 4. c3 Nc6 5. Nf3 Bd7 6. b3 cxd4 7. cxd4 Bb4+ 8. Bd2
Rc8 9. Be2 Qb6 10. Bxb4 Nxb4 11. Bd3 Rc1 12. Qxc1 Nxd3+ 13. Kd2 Nxc1 14. Rxc1
Ne7 15. Nc3 Nc6 16. Na4 Qb4+ 17. Ke3 b6 18. Rc3 O-O 19. a3 Qe7 20. Nb2 f6 21.
Nd3 fxe5 22. Ndxe5 Nxe5 23. Nxe5 Qg5+ 24. Kd3 Bb5+ 25. Kc2 Rxf2+ 26. Kb1 Qf5+
27. Kc1 Qf4+ 28. Kb1 Qe4+ 0-1

[Event "HEM 2006 B"]
[Site "Marburg"]
[Date "2006.04.13"]
[Round "3.22"]
[White "Jordake, Michael"]
[Black "Bender, Manfred"]
[Result "0-1"]
[WhiteElo "1621"]
[BlackElo "1816"]
[PlyCount "78"]
[EventDate "2006.04.12"]
[EventType "swiss"]
[EventCountry "GER"]

1. e4 c5 2. Nf3 Nc6 3. d4 cxd4 4. Nxd4 d6 5. Nc3 Bd7 6. Bc4 e6 7. O-O Be7 8. f4
Bf6 9. Nxc6 Bxc6 10. Qe2 Bxc3 11. bxc3 Nf6 12. f5 Nxe4 13. fxe6 f6 14. Ba3 Qb6+
15. Kh1 O-O-O 16. Rab1 Nxc3 17. Rxb6 Nxe2 18. Rxc6+ bxc6 19. Bxe2 Rhe8 20. Ba6+
Kc7 21. Rb1 Rb8 22. Re1 Rxe6 23. Rd1 Rbe8 24. Bb4 d5 25. Ba5+ Kd6 26. c4 Kc5
27. cxd5 cxd5 28. Bb7 d4 29. a3 d3 30. Bb4+ Kd4 31. Kg1 Re2 32. Ba6 R8e3 33.
Kf1 Rc2 34. Bd2 Re6 35. Bb5 a6 36. Bd7 Re7 37. Bf5 Re2 38. Bb4 Rf2+ 39. Ke1
Rce2# 0-1

[Event "HEM 2006 B"]
[Site "Marburg"]
[Date "2006.04.13"]
[Round "3.23"]
[White "Riedl, Janis"]
[Black "von Chamier, Ralf"]
[Result "0-1"]
[WhiteElo "1250"]
[BlackElo "1798"]
[PlyCount "38"]
[EventDate "2006.04.12"]
[EventType "swiss"]
[EventCountry "GER"]

1. e4 Nf6 2. e5 Nd5 3. c4 Nb6 4. d4 Nc6 5. Nf3 d6 6. Nc3 Bg4 7. Bf4 g6 8. exd6
cxd6 9. d5 Ne5 10. Bxe5 dxe5 11. Qd3 Bg7 12. Qe3 Bxf3 13. Qxf3 Rc8 14. b3 e4
15. Qe3 Nxd5 16. Nxd5 Bxa1 17. Qxe4 O-O 18. Nxe7+ Kg7 19. Nxc8 Re8 0-1

[Event "HEM 2006 B"]
[Site "Marburg"]
[Date "2006.04.13"]
[Round "3.24"]
[White "Saßmannshausen, Mark"]
[Black "Popp, Matthias"]
[Result "1-0"]
[WhiteElo "1785"]
[BlackElo "1541"]
[PlyCount "67"]
[EventDate "2006.04.12"]
[EventType "swiss"]
[EventCountry "GER"]

1. e4 c5 2. Nf3 Nc6 3. d4 cxd4 4. Nxd4 e5 5. Nb5 d6 6. c4 a6 7. N5c3 Be7 8. Nd5
Be6 9. Nbc3 Nf6 10. Be2 O-O 11. Nxf6+ Bxf6 12. b3 Bg5 13. Bb2 Nd4 14. O-O f5
15. exf5 Bxf5 16. Bd3 Bf4 17. Bxf5 Rxf5 18. Qg4 Qd7 19. Nd5 Nf3+ 20. Kh1 Nxh2
21. Nf6+ Kf7 22. Qxf4 Rxf6 23. Qxh2 Rh6 24. Qxh6 gxh6 25. Rad1 Qc6 26. f4 exf4
27. Rxf4+ Ke6 28. Rf6+ Kd7 29. Ba3 Qe4 30. Rdxd6+ Kc7 31. Rfe6 Qb1+ 32. Kh2
Qxa2 33. Re7+ Kc8 34. Rf6 1-0

[Event "HEM 2006 B"]
[Site "Marburg"]
[Date "2006.04.13"]
[Round "3.25"]
[White "Feigl, Markus"]
[Black "Baqui, Khalid"]
[Result "1/2-1/2"]
[WhiteElo "1761"]
[BlackElo "1243"]
[PlyCount "126"]
[EventDate "2006.04.12"]
[EventType "swiss"]
[EventCountry "GER"]

1. e4 e5 2. Bc4 d6 3. Nc3 Be7 4. d3 Nf6 5. h3 h6 6. a4 O-O 7. Nf3 Nc6 8. O-O
Bd7 9. Ne2 Na5 10. Ng3 Nxc4 11. dxc4 Bc6 12. Re1 Bd7 13. Qd3 c6 14. a5 c5 15.
Bd2 Bc6 16. Bc3 Rc8 17. Rad1 Ne8 18. Qe2 f6 19. Ra1 Nc7 20. Red1 Ne6 21. Ne1
Nf4 22. Qf1 Qe8 23. Nd3 Nh5 24. Nxh5 Qxh5 25. f3 f5 26. exf5 Rxf5 27. Qe2 Bxf3
28. gxf3 Rxf3 29. Qg2 Rcf8 30. Rf1 Bg5 31. Rxf3 Rxf3 32. Rf1 Rxf1+ 33. Kxf1
Qf7+ 34. Ke2 Qh5+ 35. Qf3 Qxf3+ 36. Kxf3 Kf7 37. Ke4 Ke6 38. b4 cxb4 39. Nxb4
g6 40. Nd5 Bd8 41. Bd2 Kd7 42. c5 Ke6 43. cxd6 Kxd6 44. Bb4+ Ke6 45. c4 h5 46.
Bc3 g5 47. c5 g4 48. hxg4 hxg4 49. Ne3 Be7 50. Bb4 g3 51. Kf3 Bg5 52. Nf1 g2
53. Kxg2 Kd5 54. Kf3 Kc4 55. Be1 Kxc5 56. Ke4 Kb5 57. Kxe5 Bd8 58. Kd5 Bxa5 59.
Bxa5 Kxa5 60. Kc4 b5+ 61. Kb3 b4 62. Nd2 Kb5 63. Nc4 a5 1/2-1/2

[Event "HEM 2006 B"]
[Site "Marburg"]
[Date "2006.04.13"]
[Round "3.26"]
[White "Ottinger, Rüdiger"]
[Black "Kuhn, Gerhard"]
[Result "1/2-1/2"]
[WhiteElo "1733"]
[BlackElo "2085"]
[PlyCount "92"]
[EventDate "2006.04.12"]
[EventType "swiss"]
[EventCountry "GER"]

1. d4 Nf6 2. Nf3 g6 3. c4 Bg7 4. Nc3 d5 5. Qb3 dxc4 6. Qxc4 O-O 7. e4 Na6 8.
Qb3 c5 9. d5 e6 10. Bxa6 bxa6 11. O-O Qb6 12. Qc2 exd5 13. e5 Bf5 14. Qd1 Ng4
15. Nxd5 Qb7 16. Bg5 Qxb2 17. Ne7+ Kh8 18. Nxf5 gxf5 19. Qd5 Nxe5 20. Nxe5 Qxe5
21. Qxe5 Bxe5 22. Rac1 Bd4 23. Be3 Rfd8 24. Bxd4+ cxd4 25. Rfd1 Rac8 26. Kf1
Rxc1 27. Rxc1 d3 28. Rd1 Kg7 29. Ke1 Kf6 30. f4 Rd4 31. g3 Re4+ 32. Kf1 Re3 33.
Rd2 Ke6 34. Kf2 Re4 35. Rxd3 Ra4 36. a3 Rc4 37. Ke3 Rc2 38. h3 Rh2 39. h4 Rg2
40. Kd4 Ra2 41. Kc4 Rc2+ 42. Kb4 Rb2+ 43. Kc4 a5 44. Rd8 Rg2 45. Rd3 a6 46. Kc5
Rb2 1/2-1/2

[Event "HEM 2006 B"]
[Site "Marburg"]
[Date "2006.04.13"]
[Round "3.27"]
[White "Böhme, Erich"]
[Black "Höllwarth, Kai"]
[Result "1-0"]
[WhiteElo "2067"]
[BlackElo "1623"]
[PlyCount "93"]
[EventDate "2006.04.12"]
[EventType "swiss"]
[EventCountry "GER"]

1. c4 g6 2. Nc3 Bg7 3. d4 d6 4. g3 Nc6 5. Nf3 Bg4 6. e3 Qd7 7. h3 Bxf3 8. Qxf3
f5 9. Bg2 Nf6 10. O-O Rb8 11. Qe2 O-O 12. Rb1 e6 13. b4 a6 14. a4 d5 15. cxd5
exd5 16. b5 axb5 17. Qxb5 Rfd8 18. Ba3 Ne4 19. Rfc1 Bf6 20. Nxd5 Qxd5 21. Qxd5+
Rxd5 22. Rxc6 Ra5 23. Bxe4 fxe4 24. Rxf6 Rxa4 25. Bc5 b5 26. Re6 b4 27. d5 b3
28. Bd4 Ra2 29. Bb2 Rb5 30. Rxe4 Rxd5 31. Bc3 Rb5 32. Rb4 Rxb4 33. Bxb4 b2 34.
Bc3 Ra3 35. Bxb2 Rb3 36. Kf1 c5 37. Ke2 c4 38. Kd2 c3+ 39. Kc2 Rxb2+ 40. Rxb2
cxb2 41. Kxb2 Kg7 42. Kc2 Kf7 43. Kc3 Ke6 44. Kd4 h6 45. f4 h5 46. e4 Kf6 47.
g4 1-0

[Event "HEM 2006 B"]
[Site "Marburg"]
[Date "2006.04.13"]
[Round "3.28"]
[White "Brahn, Helmut"]
[Black "Siegismund, Florian"]
[Result "1/2-1/2"]
[WhiteElo "1886"]
[BlackElo "1476"]
[PlyCount "79"]
[EventDate "2006.04.12"]
[EventType "swiss"]
[EventCountry "GER"]

1. c4 c5 2. Nf3 Nc6 3. d4 cxd4 4. Nxd4 Nf6 5. Nxc6 bxc6 6. Nd2 g6 7. Nf3 Bg7 8.
e3 O-O 9. Bd3 Rb8 10. Rb1 d6 11. h3 Be6 12. O-O c5 13. b3 Qd7 14. Re1 Rb7 15.
Bb2 Rfb8 16. Ng5 a5 17. Nxe6 Qxe6 18. Qc2 Nd7 19. Bxg7 Kxg7 20. Qc3+ Qf6 21.
Qxa5 Ne5 22. Be2 Nc6 23. Qd2 Nb4 24. Qb2 Ra7 25. Qxf6+ Kxf6 26. a4 Rab7 27. Rb2
Nc6 28. Bf3 Rb6 29. Bxc6 Rxc6 30. f4 Rcb6 31. Reb1 Kf5 32. Kf2 Ke4 33. Ke2 R6b7
34. g4 h5 35. g5 Rb4 36. h4 R4b6 37. a5 Rb4 38. a6 Ra8 39. Ra2 Rb6 40. a7
1/2-1/2

[Event "HEM 2006 B"]
[Site "Marburg"]
[Date "2006.04.13"]
[Round "3.29"]
[White "Siegismund, Bernd"]
[Black "Buerkle, Alois"]
[Result "1-0"]
[WhiteElo "1749"]
[BlackElo "1317"]
[PlyCount "105"]
[EventDate "2006.04.12"]
[EventType "swiss"]
[EventCountry "GER"]

1. e4 e5 2. Nf3 Nc6 3. Nc3 Bc5 4. Nxe5 Nxe5 5. d4 Bxd4 6. Qxd4 d6 7. Be3 Be6 8.
O-O-O Ne7 9. Bb5+ N7c6 10. Bxc6+ bxc6 11. h3 O-O 12. f4 c5 13. Qa4 Nc4 14. Bxc5
Qb8 15. Ba3 Nxa3 16. Qxa3 a6 17. f5 Bc8 18. Nd5 Re8 19. Qg3 Kh8 20. f6 g6 21.
Qf4 g5 22. Qxg5 Rg8 23. Qh6 Rg6 24. Qf8+ Rg8 25. Qxf7 Bb7 26. Qxc7 Bxd5 27.
Qxb8 Raxb8 28. Rxd5 Rb4 29. Re1 Rxg2 30. Rxd6 Rb8 31. Red1 Rgg8 32. Rxa6 Rge8
33. Rad6 Kg8 34. Rg1+ Kf8 35. Rg7 Rxe4 36. Rxh7 Rbe8 37. Rh8+ Kf7 38. Rxe8 Rxe8
39. c4 Rh8 40. b4 Rxh3 41. Kc2 Rh4 42. Kb3 Rh3+ 43. Ka4 Rh8 44. Kb5 Rb8+ 45.
Rb6 Ra8 46. a4 Re8 47. c5 Ra8 48. a5 Re8 49. a6 Ra8 50. Rb7+ Kxf6 51. a7 Ke6
52. Kb6 Rh8 53. Rb8 1-0

[Event "HEM 2006 B"]
[Site "Marburg"]
[Date "2006.04.13"]
[Round "3.30"]
[White "Struth, Jürgen"]
[Black "Stöhr, Alexander"]
[Result "1-0"]
[WhiteElo "1642"]
[BlackElo "1341"]
[PlyCount "42"]
[EventDate "2006.04.12"]
[EventType "swiss"]
[EventCountry "GER"]

1. e4 c5 2. d4 cxd4 3. c3 dxc3 4. Nxc3 g6 5. Nf3 Bg7 6. Bc4 d6 7. Qe2 Bg4 8. h3
Bxf3 9. Qxf3 Nf6 10. O-O Nc6 11. Rd1 O-O 12. Qe2 Nd7 13. Be3 Rc8 14. Rac1 a6
15. a3 Rc7 16. f4 b5 17. Ba2 Qb8 18. Nd5 Rcc8 19. Rxc6 Rxc6 20. Nxe7+ Kh8 21.
Nxc6 Qe8 1-0

[Event "HEM 2006 B"]
[Site "Marburg"]
[Date "2006.04.13"]
[Round "3.31"]
[White "Siegismund, Verena"]
[Black "Kohlmeyer, Klaus"]
[Result "1/2-1/2"]
[WhiteElo "1169"]
[BlackElo "1631"]
[PlyCount "49"]
[EventDate "2006.04.12"]
[EventType "swiss"]
[EventCountry "GER"]

1. e4 c5 2. Nf3 d6 3. d4 cxd4 4. Nxd4 Nf6 5. Nc3 g6 6. Bc4 Bg7 7. O-O O-O 8.
Re1 Nc6 9. Nf3 Bg4 10. h3 Bxf3 11. Qxf3 Ne5 12. Qe2 Nxc4 13. Qxc4 a6 14. Bf4
Rc8 15. Qb3 Rxc3 16. bxc3 Nh5 17. Bg5 h6 18. Be3 Qc7 19. Bd4 Rc8 20. Bxg7 Kxg7
21. Re3 Nf6 22. Rb1 Rb8 23. Rbe1 Nd7 24. f4 Nb6 25. g3 1/2-1/2

[Event "HEM 2006 B"]
[Site "Marburg"]
[Date "2006.04.13"]
[Round "3.32"]
[White "Feigl, Gerold"]
[Black "Fritsche, Rainer"]
[Result "1-0"]
[WhiteElo "1514"]
[BlackElo "1315"]
[PlyCount "133"]
[EventDate "2006.04.12"]
[EventType "swiss"]
[EventCountry "GER"]

1. e4 e6 2. d4 d5 3. e5 c5 4. c3 Nc6 5. Nf3 Qb6 6. Be2 Nge7 7. Qa4 Bd7 8. Qb3
Qxb3 9. axb3 cxd4 10. cxd4 Nf5 11. Be3 Bb4+ 12. Nc3 a6 13. g4 Nxe3 14. fxe3 Na5
15. Bd1 Rc8 16. Kd2 Ke7 17. Ne1 Bxc3+ 18. bxc3 Nc6 19. Nd3 f6 20. exf6+ gxf6
21. Nc5 Rc7 22. b4 Nd8 23. h3 Nf7 24. Be2 Nd6 25. Bd3 h6 26. Rhb1 Bc6 27. Ra5
Nc4+ 28. Bxc4 dxc4 29. e4 Bb5 30. Raa1 Rd8 31. Ke3 Bc6 32. Rb2 Bb5 33. Rd2 b6
34. Na4 Rb7 35. Nb2 Rbd7 36. Rad1 Rg8 37. d5 e5 38. Kf3 Kd6 39. Kg3 Rdg7 40.
Kh4 Rg5 41. Rf2 R8g6 42. Rdf1 Ke7 43. Rf5 Rxf5 44. exf5 Rg8 45. Rf2 Rd8 46. Rd2
Kd6 47. Kh5 e4 48. Nd1 Ke5 49. d6 Bc6 50. Kxh6 Be8 51. Kg7 Bd7 52. Kf7 Re8 53.
Rd4 b5 54. Ne3 Rh8 55. Nd5 Rh7+ 56. Kg6 Rxh3 57. Nxf6 Rxc3 58. Rd5+ Kf4 59.
Nxd7 e3 60. Rd4+ Kf3 61. Nf6 Rd3 62. Rxd3 cxd3 63. d7 e2 64. d8=Q e1=Q 65.
Qxd3+ Kg2 66. Qe4+ Qxe4 67. Nxe4 1-0

[Event "HEM 2006 B"]
[Site "Marburg"]
[Date "2006.04.13"]
[Round "3.33"]
[White "Kitzler, Manfred"]
[Black "Parr, Daniel"]
[Result "1/2-1/2"]
[WhiteElo "1459"]
[BlackElo "1277"]
[PlyCount "95"]
[EventDate "2006.04.12"]
[EventType "swiss"]
[EventCountry "GER"]

1. c4 c5 2. Nc3 e5 3. Nf3 Nc6 4. e3 Nf6 5. d4 exd4 6. exd4 d5 7. cxd5 Nxd5 8.
dxc5 Nxc3 9. Qxd8+ Nxd8 10. bxc3 Bxc5 11. Bb5+ Nc6 12. O-O O-O 13. Bxc6 bxc6
14. Rb1 Ba6 15. Re1 Rad8 16. Be3 Bxe3 17. Rxe3 Rd7 18. Rbe1 f6 19. Nd4 Bb5 20.
Nxb5 cxb5 21. f3 Kf7 22. Kf2 Rc8 23. a3 Rc4 24. Ke2 Ra4 25. Ra1 g5 26. g4 Rd5
27. h3 f5 28. Ra2 f4 29. Rd3 Ke6 30. Rxd5 Kxd5 31. Kd3 Kc5 32. Ra1 a5 33. Ra2
Kd5 34. Rb2 Kc6 35. Ra2 b4 36. cxb4 axb4 37. Rc2+ Kd5 38. axb4 Rxb4 39. Ke2 Rb6
40. Rc7 Rh6 41. Rg7 Rxh3 42. Rxg5+ Ke6 43. Rh5 Rxh5 44. gxh5 Kf5 45. Kd3 Kg5
46. Ke4 Kxh5 47. Kxf4 Kg6 48. Kg4 1/2-1/2

[Event "HEM 2006 B"]
[Site "Marburg"]
[Date "2006.04.13"]
[Round "3.34"]
[White "Bachmann, Björn"]
[Black "Zimmermann, Heinz"]
[Result "1/2-1/2"]
[WhiteElo "1229"]
[BlackElo "1429"]
[PlyCount "34"]
[EventDate "2006.04.12"]
[EventType "swiss"]
[EventCountry "GER"]

1. e4 c5 2. c3 Nf6 3. Nf3 d5 4. exd5 Qxd5 5. h3 h6 6. d4 cxd4 7. cxd4 e6 8. Be2
Bb4+ 9. Nc3 Nc6 10. O-O Qd8 11. Bf4 Bxc3 12. bxc3 Nd5 13. Qd2 O-O 14. Ne5 Qf6
15. Bh2 g5 16. Nxc6 bxc6 17. Bd6 Re8 1/2-1/2

[Event "HEM 2006 B"]
[Site "Marburg"]
[Date "2006.04.13"]
[Round "3.35"]
[White "Ketterling, Bianca"]
[Black "Krüger, Jens"]
[Result "0-1"]
[WhiteElo "1379"]
[BlackElo "1214"]
[PlyCount "126"]
[EventDate "2006.04.12"]
[EventType "swiss"]
[EventCountry "GER"]

1. d4 g6 2. Nf3 Bg7 3. c4 d6 4. Nc3 Nf6 5. Bg5 O-O 6. e4 Nbd7 7. Bd3 c5 8. d5
Nb6 9. Qc2 Bg4 10. Nd2 Bc8 11. O-O Nbd7 12. Rab1 a6 13. a3 Ne5 14. f4 Neg4 15.
Rbe1 Nd7 16. h3 Bd4+ 17. Kh1 Ne3 18. Qc1 Nxf1 19. Rxf1 Bg7 20. f5 Ne5 21. Bc2
f6 22. Be3 gxf5 23. exf5 Kh8 24. Nde4 Rg8 25. Ne2 Nxc4 26. Bf4 Qf8 27. Bd3 b5
28. Nd2 Nxd2 29. Qxd2 Bb7 30. Nc3 h6 31. Be2 Bc8 32. Bg4 Bd7 33. Re1 Be8 34.
Qe3 Ra7 35. b4 h5 36. Bf3 Rc7 37. bxc5 Rxc5 38. Nd1 Bf7 39. Qxe7 Qxe7 40. Rxe7
Bxd5 41. Bxd6 Bxf3 42. Bxc5 Bxd1 43. Ra7 Bf8 44. Bd4 Bxa3 45. Bxf6+ Rg7 46.
Bxg7+ Kg8 47. f6 Bb2 48. f7+ Kxg7 49. Rxa6 Kxf7 50. Kg1 b4 51. Kf1 Bc3 52. Rd6
Bc2 53. Rc6 b3 54. Rxc3 b2 55. Rc7+ Kg6 56. Rb7 b1=Q+ 57. Rxb1 Bxb1 58. h4 Kf5
59. Kf2 Be4 60. g3 Kg4 61. Ke3 Bd5 62. Kf2 Bc6 63. Ke3 Kxg3 0-1

[Event "HEM 2006 B"]
[Site "Marburg"]
[Date "2006.04.13"]
[Round "3.36"]
[White "Sander, Rudi"]
[Black "Edelmann, Patrick"]
[Result "1-0"]
[WhiteElo "1345"]
[BlackElo "798"]
[PlyCount "63"]
[EventDate "2006.04.12"]
[EventType "swiss"]
[EventCountry "GER"]

1. d4 d5 2. c4 c6 3. Nc3 e6 4. e3 Nd7 5. Nf3 Ngf6 6. Bd3 Bd6 7. O-O O-O 8. a3
Re8 9. b4 e5 10. dxe5 Nxe5 11. c5 Bb8 12. Bb2 Nxf3+ 13. gxf3 Bh3 14. Re1 Nh5
15. f4 Nxf4 16. exf4 Rxe1+ 17. Qxe1 Bxf4 18. Kh1 Bg4 19. Be2 Bxh2 20. f3 d4 21.
Rd1 Qf6 22. Ne4 Bxf3+ 23. Bxf3 Qxf3+ 24. Kxh2 Re8 25. Rxd4 f5 26. Nf6+ gxf6 27.
Qxe8+ Kg7 28. Rd7+ Kh6 29. Qf8+ Kg5 30. Qxf6+ Kf4 31. Bc1+ Ke4 32. Qd4# 1-0

[Event "HEM 2006 B"]
[Site "Marburg"]
[Date "2006.04.13"]
[Round "4.1"]
[White "Kartmann, Juergen"]
[Black "Hillgaertner, Walter"]
[Result "1/2-1/2"]
[WhiteElo "2054"]
[BlackElo "2055"]
[PlyCount "101"]
[EventDate "2006.04.12"]
[EventType "swiss"]
[EventCountry "GER"]

1. e4 c5 2. c3 b6 3. d4 Bb7 4. Bd3 Nf6 5. Qe2 cxd4 6. cxd4 Nc6 7. d5 Ne5 8. Bb5
a6 9. Ba4 b5 10. Bb3 Rc8 11. Nc3 d6 12. Nf3 Nxf3+ 13. Qxf3 Nd7 14. O-O g6 15.
Bg5 Bg7 16. Rac1 O-O 17. Qe3 Nc5 18. Bc2 Re8 19. a3 Nd7 20. Bb3 Qb6 21. Qd2 Qd4
22. Qe2 Qa7 23. Rfd1 Ne5 24. Be3 Qa8 25. Bd4 Nc4 26. Bxg7 Kxg7 27. Rd3 Ne5 28.
Rh3 Qa7 29. Qd2 h5 30. Qg5 f6 31. Qd2 Rh8 32. Rf1 Rcg8 33. Ne2 Bc8 34. Rc3 Bd7
35. Nd4 Rc8 36. Rfc1 Rxc3 37. Rxc3 Rc8 38. h3 Rxc3 39. Qxc3 Qc5 40. Kf1 Qxc3
41. bxc3 g5 42. Ke2 h4 43. Ke3 Ng6 44. Ne2 Kf8 45. f4 Ke8 46. Bd1 Kd8 47. fxg5
fxg5 48. Nd4 Nf4 49. Bf3 Kc7 50. Nb3 Kb6 51. e5 1/2-1/2

[Event "HEM 2006 B"]
[Site "Marburg"]
[Date "2006.04.13"]
[Round "4.2"]
[White "Lüchtemeier, Peter"]
[Black "Hierling, Stefan"]
[Result "1-0"]
[WhiteElo "2268"]
[BlackElo "1896"]
[PlyCount "35"]
[EventDate "2006.04.12"]
[EventType "swiss"]
[EventCountry "GER"]

1. d4 d5 2. c4 dxc4 3. Nf3 Nf6 4. e3 e6 5. Bxc4 Be7 6. O-O O-O 7. Qe2 Nbd7 8.
Nc3 c6 9. e4 b5 10. Bd3 Nb6 11. e5 Nfd5 12. Ne4 f5 13. exf6 Bxf6 14. Neg5 Bxg5
15. Nxg5 Qe8 16. Bxh7+ Kh8 17. Qd3 Qh5 18. Bg6 1-0

[Event "HEM 2006 B"]
[Site "Marburg"]
[Date "2006.04.13"]
[Round "4.3"]
[White "Eibelshäuser, Stefan"]
[Black "Funk, Volker"]
[Result "1/2-1/2"]
[WhiteElo "2062"]
[BlackElo "2219"]
[PlyCount "51"]
[EventDate "2006.04.12"]
[EventType "swiss"]
[EventCountry "GER"]

1. d4 f5 2. Nf3 e6 3. c4 b6 4. Nc3 Bb4 5. Bg5 Nf6 6. e3 Bb7 7. Be2 O-O 8. O-O
Bxc3 9. bxc3 d6 10. Nd2 Nbd7 11. Bf3 Bxf3 12. Qxf3 Qe8 13. Qc6 Rc8 14. f4 h6
15. Bxf6 Nxf6 16. Qxe8 Rcxe8 17. a4 a5 18. Rab1 Nd7 19. Rfe1 e5 20. Kf2 exf4
21. exf4 Kf7 22. Kf3 Rxe1 23. Rxe1 Re8 24. Rxe8 Kxe8 25. Ke3 Nf6 26. Kd3
1/2-1/2

[Event "HEM 2006 B"]
[Site "Marburg"]
[Date "2006.04.13"]
[Round "4.4"]
[White "Garbe, Ralf"]
[Black "Goloborodko, Dmitro"]
[Result "1-0"]
[WhiteElo "2169"]
[BlackElo "2031"]
[PlyCount "99"]
[EventDate "2006.04.12"]
[EventType "swiss"]
[EventCountry "GER"]

1. Nf3 Nf6 2. d4 c5 3. d5 b5 4. e3 Bb7 5. c4 bxc4 6. Bxc4 d6 7. Nc3 g6 8. O-O
Bg7 9. e4 Nfd7 10. Re1 O-O 11. Bf4 Nb6 12. Bf1 N8d7 13. Qc2 f6 14. Bg3 Ne5 15.
Nd2 Nf7 16. h4 Rb8 17. a4 a6 18. a5 Nd7 19. Nc4 Nfe5 20. Ne3 Bc8 21. f4 Nf7 22.
Nc4 Qc7 23. Bd3 Kh8 24. Kh1 Kg8 25. Ne2 Rb4 26. Nc3 Rb8 27. Nb1 Rb4 28. Nbd2
Qb8 29. Nf3 Qc7 30. Re2 Re8 31. Rf1 Rf8 32. Be1 Rb8 33. Bc3 Bb7 34. Qd1 Ra8 35.
Bc2 Rab8 36. Qd3 Rfe8 37. Rfe1 Bc8 38. Ba4 Rf8 39. Bc2 Re8 40. Ba4 Rf8 41. h5
Rd8 42. hxg6 hxg6 43. Nh4 Nf8 44. Qg3 g5 45. fxg5 Nxg5 46. Nf5 Nfh7 47. Nxg7
Kxg7 48. e5 dxe5 49. Rxe5 Kg8 50. Rxg5+ 1-0

[Event "HEM 2006 B"]
[Site "Marburg"]
[Date "2006.04.13"]
[Round "4.5"]
[White "Enders, Georg"]
[Black "Stein, Marco"]
[Result "0-1"]
[WhiteElo "1781"]
[BlackElo "2108"]
[PlyCount "88"]
[EventDate "2006.04.12"]
[EventType "swiss"]
[EventCountry "GER"]

1. e4 c5 2. Nf3 d6 3. d4 cxd4 4. Nxd4 Nf6 5. Nc3 g6 6. Be3 Bg7 7. Qd2 Nc6 8. f3
O-O 9. g4 Nxd4 10. Bxd4 Be6 11. h4 Qa5 12. a3 d5 13. b4 Qc7 14. e5 Nd7 15. f4
Nxe5 16. fxe5 Bxe5 17. O-O-O Rfc8 18. Nb5 Qb8 19. Kb2 a6 20. Bxe5 Qxe5+ 21. Nd4
Bxg4 22. Re1 Qc7 23. Bh3 Bxh3 24. Rxh3 e5 25. Nf3 e4 26. Nd4 Qe5 27. c3 a5 28.
h5 axb4 29. axb4 g5 30. Nf3 Qf4 31. Qxd5 exf3 32. Rxf3 Qh2+ 33. Kb1 Qxh5 34.
Rf6 Rxc3 35. Rh1 Rh3 36. Rxh3 Qxh3 37. Qxf7+ Kh8 38. Rf2 Qd3+ 39. Rc2 Qd1+ 40.
Rc1 Qd3+ 41. Rc2 Qd4 42. Ra2 Qd1+ 43. Kb2 Qd2+ 44. Kb1 Qxa2+ 0-1

[Event "HEM 2006 B"]
[Site "Marburg"]
[Date "2006.04.13"]
[Round "4.6"]
[White "Krüger, Till"]
[Black "Stockmann, Michael"]
[Result "0-1"]
[WhiteElo "1851"]
[BlackElo "2269"]
[PlyCount "62"]
[EventDate "2006.04.12"]
[EventType "swiss"]
[EventCountry "GER"]

1. e4 c6 2. d4 d5 3. exd5 cxd5 4. Bd3 Nc6 5. c3 Nf6 6. h3 g6 7. Nf3 Bf5 8. Be2
Qc7 9. Be3 Bg7 10. Qc1 Rc8 11. Bh6 Bxh6 12. Qxh6 Qb6 13. b4 Nd8 14. Qe3 Ne4 15.
O-O O-O 16. Rc1 Re8 17. g4 Be6 18. Nbd2 Nxd2 19. Nxd2 f6 20. f4 Bf7 21. Nf3 Qd6
22. Bb5 Rf8 23. Re1 Ne6 24. Rac1 Rc7 25. Nd2 Qxf4 26. Qd3 Rfc8 27. Rf1 Qd6 28.
Nb3 a6 29. Nc5 axb5 30. Qxb5 b6 31. Na4 Qg3+ 0-1

[Event "HEM 2006 B"]
[Site "Marburg"]
[Date "2006.04.13"]
[Round "4.7"]
[White "Mittendorf, Frank"]
[Black "Bender, Manfred"]
[Result "1-0"]
[WhiteElo "2196"]
[BlackElo "1816"]
[PlyCount "45"]
[EventDate "2006.04.12"]
[EventType "swiss"]
[EventCountry "GER"]

1. e4 e5 2. Nf3 Nc6 3. c3 d6 4. d4 Bd7 5. Bc4 Be7 6. O-O Nf6 7. Re1 O-O 8. Bg5
Ng4 9. Bxe7 Qxe7 10. Nbd2 Kh8 11. Nf1 f5 12. exf5 Bxf5 13. Ng3 Bg6 14. h3 Nxf2
15. Kxf2 Qh4 16. Bd3 Rae8 17. Bxg6 hxg6 18. Re4 Rf4 19. Rxf4 Qxf4 20. Ne2 Qe4
21. Qd2 Rf8 22. Kg1 Qd5 23. Qg5 1-0

[Event "HEM 2006 B"]
[Site "Marburg"]
[Date "2006.04.13"]
[Round "4.8"]
[White "von Chamier, Ralf"]
[Black "Baumhackel, Mario"]
[Result "1/2-1/2"]
[WhiteElo "1798"]
[BlackElo "2176"]
[PlyCount "41"]
[EventDate "2006.04.12"]
[EventType "swiss"]
[EventCountry "GER"]

1. Nf3 d5 2. c4 dxc4 3. Na3 c6 4. Nxc4 Nf6 5. g3 g6 6. b3 Bg7 7. Bb2 O-O 8. Bg2
Na6 9. O-O Be6 10. d3 h6 11. Qd2 Rc8 12. Ne3 Ne8 13. Bxg7 Nxg7 14. Nc4 Kh7 15.
e4 Nc5 16. Qe3 Bxc4 17. bxc4 Nge6 18. d4 Na6 19. Rab1 Qc7 20. Bh3 Rcd8 21. d5
1/2-1/2